tempest - Ethel cain - Statistics

General Stats
  • This quiz has been taken 16 times
  • The average score is 155 of 229
Answer Stats
Answer % Correct
can
100%
hear
100%
i
100%
"i
100%
the
100%
to
100%
you
100%
(you
100%
bed
89%
but
89%
(but
89%
cant
89%
care
89%
do
89%
(do
89%
do)
89%
dont
89%
for
89%
just
89%
make
89%
me
89%
me)
89%
sleep"
89%
someone
89%
am
78%
(am
78%
cares?
78%
forever
78%
(forever)
78%
from
78%
go
78%
hope
78%
hurt
78%
if
78%
ill
78%
im
78%
know
78%
lead
78%
my
78%
myself
78%
neck
78%
on
78%
swing
78%
them
78%
want
78%
what
78%
with
78%
your
78%
and
67%
before
67%
easy
67%
hate
67%
in
67%
it
67%
ive
67%
leaves
67%
need
67%
please
67%
wait
67%
young
67%
as
56%
ask
56%
circling
56%
drain
56%
dream
56%
heard
56%
here
56%
naive
56%
of
56%
own
56%
pick
56%
still
56%
that
56%
this
56%
trains
56%
waiting
56%
who
56%
why
56%
come
44%
flowers
44%
game
44%
gonna
44%
no
44%
regret
44%
violence
44%
youre
44%
all
33%
always
33%
around
33%
at
33%
brain
33%
cause
33%
chainlink
33%
home
33%
late
33%
long
33%
night?)
33%
take
33%
things
33%
think
33%
too
33%
wanna
33%
watch
33%
writhe)
33%
about
22%
acid
22%
angry
22%
death
22%
hold
22%
oh
22%
stop
22%
sulfuric
22%
takes
22%
try
22%
good)
11%
its
11%
lungs
11%
out
11%
ah
0%
dark
0%
No matching quizzes found
Score Distribution
Percent of People with Each Score
Percentile by Number Answered
Your Score History
You have not taken this quiz